00494 2200181 4500001002100000005001500021035002000036007000300056008004100059020000600100082001000106084001400116245009700130250000600227260005100233300001200284990001600296INLIS00000000000218920260415025718 a0010-0426000020ta260415 g 0 ind  a- a636.5 a636.5 SNI aSNI 3148-3:2024 Pakan Konsentrat - Bagian 3: Ayam peterlur masa produksi (layer concentrate) a- aJakarta :bBadan Standardisasi Nasional,c2024 a15 hlm. a00000005187